Health and safety for busy managers: law, risks and liabilities. (Record no. 95351)

MARC details
000 -LEADER
fixed length control field 01009cam a2200253 4500
008 - FIXED-LENGTH DATA ELEMENTS--GENERAL INFORMATION
fixed length control field 090401t1995 xxu||||| |||| 00| 0 eng d
020 ## - INTERNATIONAL STANDARD BOOK NUMBER
International Standard Book Number 1859530257
035 ## - SYSTEM CONTROL NUMBER
System control number (Sirsi) u70650
041 ## - LANGUAGE CODE
Language code of text/sound track or separate title eng
050 ## - LIBRARY OF CONGRESS CALL NUMBER
Classification number 344.410465
100 ## - MAIN ENTRY--PERSONAL NAME
Personal name Holder, Ann T.
245 ## - TITLE STATEMENT
Title Health and safety for busy managers: law, risks and liabilities.
260 ## - PUBLICATION, DISTRIBUTION, ETC.
Place of publication, distribution, etc. Hitchin, Herts.
Name of publisher, distributor, etc. Technical Communications (Publishing) Li
Date of publication, distribution, etc. 1995
300 ## - PHYSICAL DESCRIPTION
Extent x,82 leaves ; 30cm.
350 ## - PRICE (NR) (BK AM CF MU VM SE) [OBSOLETE]
Price 32.5
490 ## - SERIES STATEMENT
Series statement Health & Safety Series - Best Practice Management Reports
520 ## - SUMMARY, ETC.
Summary, etc. Stresses the need for senior managers in small- and medium-sized establishments to be aware of health and safety issues and the consequences of ignoring them. Gives brief reports of court cases to illustrate points made.
650 ## - SUBJECT ADDED ENTRY--TOPICAL TERM
Topical term or geographic name entry element HEALTH AND SAFETY AT WORK ETC ACT 1974
650 ## - SUBJECT ADDED ENTRY--TOPICAL TERM
Topical term or geographic name entry element HEALTH AND SAFETY
9 (RLIN) 6244
650 ## - SUBJECT ADDED ENTRY--TOPICAL TERM
Topical term or geographic name entry element MANAGEMENT
690 ## - LOCAL SUBJECT ADDED ENTRY--TOPICAL TERM (OCLC, RLIN)
Topical term or geographic name as entry element MANAGEMENT-BUSINESS MANAGEMENT-PROFESSIONAL PRACTICE
942 ## - ADDED ENTRY ELEMENTS (KOHA)
Suppress in OPAC 0
948 ## - LOCAL PROCESSING INFORMATION (OCLC); SERIES PART DESIGNATOR (RLIN)
c (OCLC) 04/03/1997
Holdings
Withdrawn status Lost status Source of classification or shelving scheme Damaged status Not for loan Home library Current library Shelving location Date acquired Cost, normal purchase price Total Checkouts Full call number Barcode Date last seen Date last checked out Copy number Cost, replacement price Price effective from Koha item type
    Dewey Decimal Classification     London London Folio 01/05/1995 32.50 2 F344.410465 30045694 06/08/2019 09/01/2004 1 32.50 06/08/2019 Book